000 00695nam a2200241Ia 4500
003 OSt
005 20220925220625.0
006 a|||||r|||| 00| 0
007 ta
008 220923b |||||||| |||| 00| 0 eng d
037 _cGeneral Book
040 _aRTL
_cRTL
_beng
041 _2eng
_aeng
082 _aX651, L7
100 _aFirth Michael
_9126675
245 0 _aValuation of shares and the efficient-markets theo
260 _aLondon
_bMacmillan
_c1977
300 _aViii, 184p. Bibliography 158-80
_ccm.
490 _aStudies in Finance and Accounting
650 _aStock Exchange
942 _hX651, L7
_cGB
_2CC
999 _c571931
_d571931